Swimming Strokes by Picture 🏊‍♀️ - Statistics

General Stats
  • This quiz has been taken 1,335 times
  • The average score is 5 of 6
Answer Stats
Picture Answer % Correct
backstroke
95%
butterfly stroke
95%
front crawl/freestyle
95%
breaststroke
90%
dog paddle
69%
sidestroke
55%
No matching quizzes found
Score Distribution
Percent of People with Each Score
Percentile by Number Answered
Your Score History
You have not taken this quiz